000 00548nam a22002177a 4500
003 UA-OsUOA
001 20458
007 ta
008 20031029b un ||||| |||| 00| 0 ukr d
090 _a91:929
_bФ33
942 _cBK
040 _aUA-OsUOA
_brus
_cUA-OsUOA
_dUA-OsUOA
245 _aНаш крендель
_cРед. Е.К.Федоров
300 _a176 с.
_bІлюстрації
955 _a0
041 _arus
080 _a91:929
260 _aЛенинград
_bГидрометеоиздат
_c1975
044 _aRU
650 7 _2UDC
999 _c306635
_d306635